| 000 | 01093naa a22003017u 4500 | ||
|---|---|---|---|
| 001 | 04812 | ||
| 003 | HDC | ||
| 007 | cr bn ---aaaaa | ||
| 008 | 210118t2003 flu bi 000 0 eng | ||
| 020 | _a0849315328 | ||
| 020 | _a9780849327063 | ||
| 040 | _aHDC | ||
| 050 | _aQD257.7 .H33 | ||
| 082 | _a547.13422 | ||
| 245 | 0 |
_aHANDBOOK OF Aqueous Solubility Data : _bSolubility Data / _cEdited by Samuel H. Yalkowsky and Yan He |
|
| 260 |
_aBoca Raton, Florida : _bCRC Press, _c©2003 |
||
| 336 |
_atext _2rdacontent |
||
| 337 |
_acomputer _2rdamedia |
||
| 338 |
_aonline resource _2rdacarrier |
||
| 500 | _aIncludes bibliographical references and index. | ||
| 650 |
_aOrganic compounds _xSolubility _vHandbooks, manuals, etc. _95058 |
||
| 700 |
_aHe, Yan, _d1970- _eeditors _95060 |
||
| 700 |
_aYalkowsky, Samuel H., _q(Samuel Hyman), _d1942- _eeditors _95059 |
||
| 856 | _zRequest full-text at [email protected] | ||
| 942 | _2lcc | ||
| 942 | _cCHAP | ||
| 942 | _kEBCH 000932 | ||
| 999 |
_c2137 _d2137 |
||